Hội thảo : Kỹ thuật trồng rừng trên đất phèn ở đồng bằng sông cửu long

Hội thảo nhằm mục đích giới thiệu rộng rãi hoạt động của dự án thông qua việc giải thích các tài liệu hướng dẫn kỹ thuật, trao đổi ý kiến với những người áp dụng ở các tỉnh địa phương, hy vọng hướng dẫn kỹ thuật rừng này mang tí...

Ausführliche Beschreibung

Gespeichert in:
Bibliographische Detailangaben
Format: Buch
Sprache:Undetermined
Veröffentlicht: Thành phố Hồ Chí Minh JICA 1999
Schlagworte:
Tags: Tag hinzufügen
Keine Tags, Fügen Sie den ersten Tag hinzu!
Thư viện lưu trữ: Trung tâm Học liệu Trường Đại học Cần Thơ
LEADER 00995nam a2200181Ia 4500
001 CTU_139039
008 210402s9999 xx 000 0 und d
082 |a 634.9 
082 |b H452 
245 0 |a Hội thảo : 
245 0 |b Kỹ thuật trồng rừng trên đất phèn ở đồng bằng sông cửu long 
260 |a Thành phố Hồ Chí Minh 
260 |b JICA 
260 |c 1999 
520 |a Hội thảo nhằm mục đích giới thiệu rộng rãi hoạt động của dự án thông qua việc giải thích các tài liệu hướng dẫn kỹ thuật, trao đổi ý kiến với những người áp dụng ở các tỉnh địa phương, hy vọng hướng dẫn kỹ thuật rừng này mang tính thực tiễn và bền vững hơn. 
650 |a Forests and forestry,Cây rừng 
904 |i Trọng Hải 
980 |a Trung tâm Học liệu Trường Đại học Cần Thơ